000 00267nam a2200109Ia 4500
008 220204s9999 xx 000 0 und d
082 _a82-3
_bSAM
100 _aSampson, Anthony
245 4 _aThe Arms Bazaar
260 _aKent
_bHodder and Stoughton
_c1977
942 _cBK
999 _c35253
_d35253